banner-ar

امثال واقوال فى حياة اليهود : دراسة لغوية تحليلية مقارنة بالفصحى والعامية / (Record no. 48307)

MARC details
000 -الفاتح
حقل البيانات ثابتة الطول 00508nam a2200133Ia 4500
008 - عناصر البيانات ثابتة الطول - معلومات عامة
حقل البيانات ثابتة الطول 140319s9999 xx 000 0 ara d
040 ## - مصدر الفهرسة
وكالة الفهرسة الأصلية GCL /
وكالة النسخ GCL
082 04 - رقم تصنيف ديوى العشرى
رقم التصنيف 398.9924
رقم المادة س ا
100 1# - المدخل الرئيسى - إسم شخصى
الإسم الشخصى سيد سليمان عليان
245 10 - بيان العنوان
العنوان امثال واقوال فى حياة اليهود : دراسة لغوية تحليلية مقارنة بالفصحى والعامية /
بيان المسئوليه,etc سيد سليمان عليان
300 ## - الوصف المادى
التعداد 290 ص
490 ## - بيان السلسلة
عنوان السلسلة الهيئة العامة للاستعلامات
رقم المجلد/ التعيين التسلسلي 0
Holdings
حالة التراجع حالة الفقد حالة تلف ليس للاعارة المكان المؤقت الموقع الحالى تاريخ الاكتساب اجمالي اﻻعارات رقم الطلب الباركود تاريخ اخر مشاهدة تاريخ تفعيل السعر نوع وعاء كوها
        مكتبة القاهرة الكبرى مكتبة القاهرة الكبرى 03/26/2014   398.9924\س ا 116624 03/26/2014 03/26/2014 كتاب
        مكتبة القاهرة الكبرى مكتبة القاهرة الكبرى 03/26/2014   398.9924\س ا 116625 03/26/2014 03/26/2014 كتاب
        مكتبة القاهرة الكبرى مكتبة القاهرة الكبرى 03/26/2014   398.9924\س ا 116626 03/26/2014 03/26/2014 كتاب
        مكتبة القاهرة الكبرى مكتبة القاهرة الكبرى 03/26/2014   398.9924\س ا 116627 03/26/2014 03/26/2014 كتاب

Powered By

EGPV